000 00804nam a2200241 a 4500
001 000011440
005 20240412074226.0
008 091019s2002 dr a r 000 d spa d
040 _aDO-SdBNP
_bspa
_cBNPHU
082 _aRD862.44
_bG216me
100 1 _aGarcía Guerra, Iván,
_d1938-
_9144
245 1 0 _aMemorias de abril /
_cIván García Guerra.
260 _aSanto Domingo :
_bNacional,
_c2002.
300 _a131 p. :
_bil. ;
_c16 cm.
490 1 _aLos premios
500 _aIncluye datos biográficos del autor en la contracubierta.
586 _aPremio anual de teatro Cristóbal de Llerena, 2002
590 _aInventariado, 2019/DG
650 0 _aTeatro dominicano
_9637
650 0 _aLiteratura dominicana.
_967
830 0 _aLos premios
_924283
910 _aValidado. Control de calidad. MFF
999 _c11141
_d11141